<?xml version="1.0" encoding="UTF-8"?>
<record
    xmlns:xsi="http://www.w3.org/2001/XMLSchema-instance"
    xsi:schemaLocation="http://www.loc.gov/MARC21/slim http://www.loc.gov/standards/marcxml/schema/MARC21slim.xsd"
    xmlns="http://www.loc.gov/MARC21/slim">

  <leader>02045    a2200253   4500</leader>
  <controlfield tag="001">119786</controlfield>
  <datafield tag="020" ind1=" " ind2=" ">
    <subfield code="a">9788501089656</subfield>
  </datafield>
  <datafield tag="040" ind1=" " ind2=" ">
    <subfield code="c">Escola Canadense de Niteroi</subfield>
  </datafield>
  <datafield tag="090" ind1=" " ind2=" ">
    <subfield code="a">KAT</subfield>
  </datafield>
  <datafield tag="100" ind1=" " ind2=" ">
    <subfield code="a">Kate, Lauren</subfield>
  </datafield>
  <datafield tag="245" ind1="1" ind2="0">
    <subfield code="a">&#xCA;xtase</subfield>
  </datafield>
  <datafield tag="250" ind1=" " ind2=" ">
    <subfield code="a">1.ed.</subfield>
  </datafield>
  <datafield tag="260" ind1=" " ind2=" ">
    <subfield code="a">Rio de Janeiro</subfield>
  </datafield>
  <datafield tag="300" ind1=" " ind2=" ">
    <subfield code="a">346 p.</subfield>
    <subfield code="b">il.</subfield>
    <subfield code="c">6 x 15 x 2.6 cm (brochura)</subfield>
  </datafield>
  <datafield tag="362" ind1="0" ind2=" ">
    <subfield code="a">2012</subfield>
  </datafield>
  <datafield tag="490" ind1="0" ind2=" ">
    <subfield code="a">Fallen</subfield>
  </datafield>
  <datafield tag="520" ind1=" " ind2=" ">
    <subfield code="a">H&#xE1; seis mil&#xEA;nios, o anjo Daniel Grigori e a mortal Lucinda Price se reencontram. Vida ap&#xF3;s vida, exist&#xEA;ncia ap&#xF3;s exist&#xE9;ncia, numa corrida contra o tempo e o destino para quebrar uma maldi&#xE7;&#xE3;o esquecida. E poderem, finalmente, ficar juntos.

&#xC0; sua maneira, cada um carrega um peso quase insuport&#xE1;vel no cora&#xE7;&#xE3;o. Daniel, o anjo imortal, deve assistir &#xE0; morte da amada, a cada encarna&#xE7;&#xE3;o, sem poder revelar-lhe os segredos que a libertariam de um destino de dor e a conduziriam &#xE0; lua e ao calor de seu amor. Para sempre.

Lucinda &#xE9; assombrada puniembran&#xE7;as desconexas, medos irracionais e uma inabal&#xE1;vel certeza: Daniel &#xE9; o pr&#xEA;mio. Por ele, tudo, tudo vale a pena. Mas o caminho do verdadeiro amor n&#xE3;o &#xE9; feito de flores. E, mesmo com a ajuda de asas, n&#xE3;o pode ser percorrido corn rapidez insensata. E nem pode apagar o passado... ou um relacionamento equivocado.

Depois de visitar todas as antigas ""Luces"" &#x2015; do Egito dos fara&#xF3;s at&#xE9; a China imemorial, passando pela It&#xE1;lia e Am&#xE9;rica primitiva &#x2015;, ela agora est&#xE1; mais peno do que nunca de seu objetivo. Em nenhuma de suas outras vidas aprendeu tanto. Agora ela &#xE9; forte. Precisa ser. Agora, ela e Daniel chegam ao final de sua prova&#xE7;&#xE3;o.

Lucinda precisa recordar quem foi e o que realmente &#xE9; pra poder lutar sua &#xFA;ltima batalha. &#xC9; sua &#xFA;ltima chance. Ser&#xE1; que ela vai conseguir? Ser&#xE1; que Luce e Daniel finalmente ficar&#xE3;o juntos? &#xCA;xtase termina a saga de Fallen.</subfield>
  </datafield>
  <datafield tag="650" ind1=" " ind2="4">
    <subfield code="a">Mist&#xE9;rio, Suspense ou Terror</subfield>
  </datafield>
  <datafield tag="650" ind1=" " ind2="4">
    <subfield code="a">Mitologia</subfield>
  </datafield>
  <datafield tag="650" ind1=" " ind2="4">
    <subfield code="a">Romance</subfield>
  </datafield>
  <datafield tag="650" ind1=" " ind2="4">
    <subfield code="a">Seres sobrenaturais</subfield>
  </datafield>
  <datafield tag="650" ind1=" " ind2="4">
    <subfield code="a">Literatura para Jovem Adulto</subfield>
  </datafield>
  <datafield tag="942" ind1=" " ind2=" ">
    <subfield code="c">BK</subfield>
  </datafield>
  <datafield tag="952" ind1=" " ind2=" ">
    <subfield code="0">0</subfield>
    <subfield code="1">0</subfield>
    <subfield code="4">0</subfield>
    <subfield code="7">0</subfield>
    <subfield code="a">12.10</subfield>
    <subfield code="b">12.10</subfield>
    <subfield code="d">2024-02-09</subfield>
    <subfield code="l">0</subfield>
    <subfield code="o">KAT</subfield>
    <subfield code="p">A31418</subfield>
    <subfield code="r">2024-02-09 21:15:28</subfield>
    <subfield code="w">2024-02-09</subfield>
    <subfield code="y">BK</subfield>
  </datafield>
  <datafield tag="999" ind1=" " ind2=" ">
    <subfield code="c">119786</subfield>
    <subfield code="d">119786</subfield>
  </datafield>
</record>
